K ispol'zovaniju naučno-techničeskogo potenciala RF i SNG.
Charakteristika zaostávania rozvoja vedecko-výskumného komplexu. Zníženie štátnych výdavkov na vedu a výskum ako jedna z hlavných príčin. Údaje o rýchlom úniku mozgov do zahraničia (napr. len za r. 1991 emigrovalo do USA 70 tis. vedcov, za 9 mesiacov 1991 odišlo do Izraela 4 tis. vedeckých pracovník...
Salvato in:
| Autore principale: | |
|---|---|
| Natura: | Capitolo di libro |
| Lingua: | russo |
| Soggetti: | |
| Tags: |
Nessun Tag, puoi essere il primo ad aggiungerne!!
|
MARC
| LEADER | 00000naa a2200000 4500 | ||
|---|---|---|---|
| 001 | r009345 | ||
| 005 | 20221208123057.5 | ||
| 041 | 0 | |a rus | |
| 044 | |a [SU] | ||
| 245 | 1 | 0 | |a K ispol'zovaniju naučno-techničeskogo potenciala RF i SNG. |c S. Simanovskij |
| 520 | |a Charakteristika zaostávania rozvoja vedecko-výskumného komplexu. Zníženie štátnych výdavkov na vedu a výskum ako jedna z hlavných príčin. Údaje o rýchlom úniku mozgov do zahraničia (napr. len za r. 1991 emigrovalo do USA 70 tis. vedcov, za 9 mesiacov 1991 odišlo do Izraela 4 tis. vedeckých pracovníkov atď). Skúmanie možných ciest zastavenia rozkladu a obnovenia potenciálu vedecko-výskumného komplexu. | ||
| 610 | 2 | 0 | |a potenciál vedecký |
| 610 | 2 | 0 | |a potenciál výskumný |
| 610 | 2 | 0 | |a Spoločenstvo nezávislých štátov |
| 610 | 2 | 0 | |a pohyb síl pracovných medzinárodný |
| 610 | 2 | 0 | |a pracovníci vedeckí |
| 610 | 2 | 0 | |a 1991 |
| 610 | 2 | 0 | |a emigrácia |
| 610 | 2 | 0 | |a Rusko |
| 610 | 2 | 0 | |a rozvoj vedeckotechnický |
| 100 | 1 | |a Simanovskij, S. | |